000 00499nam a2200205Ia 4500
008 210210b2010 xxu||||| |||| 00| 0 eng d
020 _a9780198067962
041 _aeng
082 _a378.54 BETU
100 _aBETEILLE (Andre)
245 _aUniversities at the crossroads
260 _aNew Delhi
_bOxford University Press
_c2010
300 _ax, 205
650 _aUniversities
650 _athe
650 _acrossroads
650 _aat
690 _aHigher Education
906 _a068028
999 _c152142
_d152142